000
00323nam a2200133Ia 4500
100
_a
Stinson Craig
942
_c
BK
654
_a
Learning and running windows 3.1
245
_a
Learning and Running Windows 3.1
260
_b
Microsoft Press
_a
Bombay
_c
1995
082
_a
005.13 'W'
546
_a
ENGLISH
999
_c
20421
_d
20421